| 000 | 00671nam a2200265Ia 4500 | ||
|---|---|---|---|
| 003 | OSt | ||
| 005 | 20221005091259.0 | ||
| 006 | a|||||r|||| 00| 0 | ||
| 007 | ta | ||
| 008 | 221004b |||||||| |||| 00| 0 eng d | ||
| 020 | _a0333765370 | ||
| 024 | _a35828 | ||
| 037 | _cTextual | ||
| 040 |
_aCRL _cCRL _beng |
||
| 041 |
_2eng _aeng |
||
| 082 | _aY:1x, P0 | ||
| 100 |
_aBadmington Neil Ed _930051 |
||
| 245 | 0 | _aPost humanism | |
| 260 |
_aNew York _bPalgrave _c2000 |
||
| 300 |
_a172p. _ccm. |
||
| 490 | _aReaders in cultural criticism | ||
| 650 | _aSOCIOLOGY | ||
| 942 |
_hY:1x, P0 _cTEXL _2cc |
||
| 999 |
_c997047 _d997047 |
||